1484 1709 1968 1512 1304 1426 1327 1783 1571 1889 1794 1478 1232 1950 1105 1399 1643 1012 1191 1499 1018 1297 1657 1937 1101 1737 1686 1588 1569 1983 1450 1264 1488 1704 1802 1176 1128 1165 1553 1012 1928 1550 1964 1532 1674 1207 1895 1218 1749 1062 1125 1370 1711 1038 1638 1918 1800 1178 1604 1296 1223 1403 1976 1500 1543 1273 1801 1922 1178 1775 1010 1381 1159 1575 1268 1041 1374 1610 1066 1072 1673 1278 1990 1985 1159 1984 1451 1981 1924 1373 1426 1684 1860 1149 1404 1536 1568 1551 1012 BCNSPRNW ULIB Ver.6.0+V

เปลี่ยนเป็นภาษาไทย

Change to English
 แสดงรายละเอียดบรรณานุกรม
  กลับหน้าหลัก

Brief Record : Get Marc (ISO 2709) : E-mail record : QR code < ปิดหน้าต่าง
LEADER : 00000nam 2200000uu 4500
001    13399112084
003     ULIB
008    110613s2543||||th 000 0 tha d
020    9747055074
050  4 HA29^bอ825ก 2543
100 0  อุทุมพร (ทองอุไทย) จามรมาน
245 10 ไคสแควร์ =^b Chi-Square : การทดสอบทางสถิติ /^cโดย อุทุมพร (ทองอุไทย)จามรมาน
246 31 Chi-Square
246 3  การทดสอบทางสถิติ
250    พิมพ์ครั้งที่ 1
260    กรุงเทพฯ :^bฟันนี่พับบลิชชิ่ง,^c2543
300    90 หน้า ;^c21 ซม.
650  7 การศึกษาขั้นอุดมศึกษา
650  7 ประกันคุณภาพการศึกษาระดับอุดมศึกษา
945    ^p30^l0^i019095
945    ^p30^l0^i029123
995    ทศพร
999 ^a ใช้งานได้ทุกระบบ
รายการนี้ยังไม่มีแท็ก
คุณยังไม่ได้ล็อกอิน คุณสามารถมีกิจกรรมร่วมกับเว็บไซต์ได้ แต่ต้องล็อกอินก่อน ::
  ล็อกอิน

รายการสื่อสารสนเทศ

ลำดับที่ ประเภท เลขเรียก/บาร์โค้ด สถานที่ สถานะ
- ไม่พบข้อมูล -

รายการใกล้เคียง
    ผู้แต่ง [อุทุมพร (ทองอุไทย) จามรมาน]

    หัวเรื่อง [การศึกษาขั้นอุดมศึกษา]
    หัวเรื่อง [ประกันคุณภาพการศึกษาระดับอุดมศึกษา]

BibComment


ยังไม่เคยถูกคอมเมนท์

คอมเมนท์ทรัพยากรรายการนี้
  คอมเมนท์: ไคสแควร์ ChiSqu..


 Copyright 2026. Bcnsprnw @Library